Thiết kế đường ô tô

Tài liệu mô tả về công trình vượt sông lớn và vừa, công trình vượt qua sông nhỏ ...

Wedi'i Gadw mewn:
Manylion Llyfryddiaeth
Prif Awdur: Nguyễn, Xuân Trục
Fformat: Llyfr
Iaith:Undetermined
Cyhoeddwyd: Hà Nội Giáo dục 2004
Pynciau:
Tagiau: Ychwanegu Tag
Dim Tagiau, Byddwch y cyntaf i dagio'r cofnod hwn!
Thư viện lưu trữ: Trung tâm Học liệu Trường Đại học Cần Thơ
LEADER 00713nam a2200217Ia 4500
001 CTU_152192
008 210402s9999 xx 000 0 und d
020 |c 35200 
082 |a 625.725 
082 |b Tr506/T.3 
100 |a Nguyễn, Xuân Trục 
245 0 |a Thiết kế đường ô tô 
245 0 |c Nguyễn Xuân Trục 
260 |a Hà Nội 
260 |b Giáo dục 
260 |c 2004 
520 |a Tài liệu mô tả về công trình vượt sông lớn và vừa, công trình vượt qua sông nhỏ ... 
650 |a Roads 
650 |x Design and construction 
904 |i Úy Chị 
980 |a Trung tâm Học liệu Trường Đại học Cần Thơ